000
00350nam a2200133Ia 4500
008
100328s9999 xx 000 0 und d
082
_b
21235
100
_a
नाडकर्णी ज्ञानेश्वर
245
_a
कोंडी
260
_b
वसंत
630
_a
कोंडी
730
_a
कोंडी
942
_c
BOOK
999
_c
515272
_d
515269